LEADER 00539nam a2200169 i 4500 001 000000157114 003 CaOOAMICUS 005 20090415000000.0 008 090415s1946 po u000 u por u 013 $a134470 040 $aSeMil$bita 245 10$a5. 300 $a495 p. 773 0 $aJosé : de Castro$tPortugal no Concìlio de Trento.$dLisboa : Uniao Gràfica, 1944-1946.$g5$w()21114 850 $aSeMil 852 $aSeMil$W1$xVenegono$y1$m2A I 135$j108839$B108839$CSeMilBibl$Z2$F141157 $81 996 $6245$a5$9(OLS)http://semarc/title/57540 LEADER 01099nam a2200253 i 4500 001 000000165006 003 CaOOAMICUS 005 20071005000000.0 008 071005s1965 it u000 u ita u 013 $a142374 040 $aSeMil$bita 100 1 $aSaint-Exupéry, Antoine : de,$d<1900-1944>.$0(OLS)http://semarc/name/15573 245 10$aCittadella /$cAntoine de Saint-Exupéry ; riduzione e traduzione di Ezio L. Gaya ; con la collaborazione di M.lle Simone de Saint-Exupéry. 260 $aTorino - Leumann :$bBorla,$ccopyr. 1965. 300 $a331 p. ;$c22 cm. 490 0 $aMaestri dello Spirito ;$v3 700 1 $aSaint-Exupéry, Simone : de.$0(OLS)http://semarc/name/62308 700 1 $aGaya, Ezio L.$0(OLS)http://semarc/name/62307 830 0$aMaestri dello Spirito ;$v3.$0(OLS)http://semarc/title/23508 850 $aSeMil 852 $aSeMil$W1$xVenegono$y1$m1T III 74$j240225$B116205$CSeMilBibl$Z2$F127114 $81 961 $aRecupero: Altro 996 $6245$aCittadella$9(OLS)http://semarc/title/235450 996 $6260$aTorino - Leumann :$bBorla$9(OLS)http://semarc/publisher/34719